Tool kit for creating your own truancy reduction program.

Bibliographic Details
Corporate Author: United States. Office of Juvenile Justice and Delinquency Prevention
Format: Government Document Book
Language:English
Published: [Washington, D.C.] : U.S. Dept. of Justice, Office of Justice Programs, Office of Juvenile Justice and Delinquency Prevention, [2007]
Subjects:
Online Access:Abstract:
Text version:

MARC

Tag First Indicator Second Indicator Subfields
LEADER 00000cam a2200000Ka 4500
001 in00002267006
005 20220106091214.0
006 m d f
008 070305s2007 dcu s f000 0 eng d
035 |a (OCoLC)ocm85766849 
040 |a GPO  |c GPO  |d MvI  |d UtOrBLW 
049 |a WWW 
074 |a 0718-A-06 (online) 
086 0 |a J 32.8:T 76 
245 0 0 |a Tool kit for creating your own truancy reduction program. 
264 1 |a [Washington, D.C.] :  |b U.S. Dept. of Justice, Office of Justice Programs, Office of Juvenile Justice and Delinquency Prevention,  |c [2007] 
300 |a 1 electronic text :HTML, digital, PDF file. 
336 |a text  |b txt  |2 rdacontent 
337 |a computer  |b c  |2 rdamedia 
338 |a online resource  |b cr  |2 rdacarrier 
538 |a Mode of access: Internet from the OJJDP web site. Address as of 8/23/07: http://www.ojjdp.ncjrs.gov/publications/PubAbstract.asp?pubi=238899 (abstract), http://ojjdp.ncjrs.gov/publications/truancy_toolkit.html (text version); current access is available via PURLs. 
500 |a Title from title screen (viewed Mar. 5, 2007). 
500 |a "February 2007"--Publication abstract. 
500 |a Electronic resource. 
650 0 |a School attendance  |z United States  |v Handbooks, manuals, etc. 
650 0 |a Juvenile delinquency  |z United States  |v Handbooks, manuals, etc. 
710 1 |a United States.  |b Office of Juvenile Justice and Delinquency Prevention. 
856 4 0 |3 Abstract:  |u https://purl.fdlp.gov/GPO/LPS79175  |t 0 
856 4 0 |3 Text version:  |u https://purl.fdlp.gov/GPO/LPS79173  |t 0 
999 |a MARS 
999 f f |s 3a632838-86d2-33a9-8673-f3104377aae7  |i c9e0b36a-036b-35b7-b640-4edcb96b86e9  |t 0 
952 f f |a Texas A&M University  |b College Station  |c Electronic Resources  |d Available Online  |t 0  |e J 32.8:T 76  |h Superintendent of Documents classification 
998 f f |a J 32.8:T 76  |t 0  |l Available Online